[Event "Montigny le Bretonneux op 10th"]
[Site "Montigny le Bretonneux"]
[Date "2011.10.30"]
[Round "9"]
[White "Fouliard, Matthieu"]
[Black "Fouliard, Anais"]
[Result "1-0"]
[WhiteElo "1440"]
[BlackElo "1240"]
[PlyCount "43"]
[EventDate "2011.10.22"]
[EventType "swiss"]
[EventRounds "9"]
[EventCountry "FRA"]
[SourceTitle "EXT 2012"]
[Source "ChessBase"]
[SourceDate "2011.11.24"]
[SourceVersion "1"]
[SourceVersionDate "2011.11.24"]
[SourceQuality "1"]

1. e4 c5 2. Nc3 d6 3. Bc4 Nf6 4. d3 g6 5. f4 Bg7 6. Nf3 0-0 7. 0-0 Nc6 8. Be3 Bg4 9. Qd2 Rc8 10. f5 Bxf3 11. Rxf3 Nd4 12. Rh3 e6 13. fxg6 fxg6 14. Bxd4 d5 15. Bxf6 Qxf6 16. exd5 exd5 17. Bxd5+ Kh8 18. Ne4 Qf5 19. Nd6 Qf6 20. Nf7+ Kg8 21. Ng5+ Kh8 22. Rxh7# 1-0

[Event "Montigny le Bretonneux op 10th"]
[Site "Montigny le Bretonneux"]
[Date "2011.10.26"]
[Round "5"]
[White "Fouliard, Marc"]
[Black "Fouliard, Anais"]
[Result "0-1"]
[WhiteElo "1490"]
[BlackElo "1240"]
[PlyCount "90"]
[EventDate "2011.10.22"]
[EventType "swiss"]
[EventRounds "9"]
[EventCountry "FRA"]
[SourceTitle "EXT 2012"]
[Source "ChessBase"]
[SourceDate "2011.11.24"]
[SourceVersion "1"]
[SourceVersionDate "2011.11.24"]
[SourceQuality "1"]

1. e4 c5 2. Nf3 d6 3. d4 cxd4 4. Nxd4 Nf6 5. Nc3 g6 6. Be3 Bg7 7. Bd3 0-0 8. Qd2 Nc6 9. Nxc6 bxc6 10. 0-0-0 Rb8 11. Bxa7 Rb7 12. Be3 Be6 13. f4 Qa5 14. Kb1 c5 15. f5 Bxa2+ 16. Nxa2 Qa4 17. fxg6 fxg6 18. e5 Ra7 19. c3 Qxa2+ 20. Kc2 Rb7 21. Rb1 Qa4+ 22. Kc1 Nd5 23. exd6 exd6 24. Bc2 Qa2 25. b3 Rfb8 26. Rb2 Qa3 27. Qd1 c4 28. Qxd5+ Kh8 29. Qxc4 d5 30. Qxd5 Bxc3 31. Bd4+ Bxd4 32. Qxd4+ Kg8 33. Qa4 Qd6 34. Qc4+ Kg7 35. Be4 Re7 36. Rf1 Rc7 37. Qxc7+ Qxc7+ 38. Kb1 Re8 39. Re1 Qf4 40. Rbe2 Rd8 41. b4 Rd2 42. Rxd2 Qxd2 43. Rg1 Qxb4+ 44. Kc1 Qxe4 45. Kd2 Qd4+ 0-1